Cautiverios de las mujeres: madresposas, monjas, putas, presas y locas

El documento consta de dos tomos cuyo propósito es contribuir al desarrollo de una antropología de la mujer. Y uno de los caminos es lograr una mirada etnológica de la sexualidad, de la mujeres y de la propia cultura. El problema que da origen a la investigación gira en torno a la creación cultural...

Cijeli opis

Spremljeno u:
Bibliografski detalji
Glavni autor: Lagarde, Marcela
Format: Tekst
Izdano: México, D. F.: UNAM. Coordinación General de Estudios de Posgrado
Teme:
Oznake: Dodaj oznaku
Bez oznaka, Budi prvi tko označuje ovaj zapis!

MARC

LEADER 00000 a a2200000 04500
001 4853
003
040
090 |a 119200  
100 |a Lagarde, Marcela  
245 |a Cautiverios de las mujeres: madresposas, monjas, putas, presas y locas  
260 |a México, D. F.:   |b UNAM. Coordinación General de Estudios de Posgrado  
300 |a 445 p; vol. 1  
500 |a Tomo I: capítulos del 1-9/Tomo II: capítulos del 10-14  
520 |a El documento consta de dos tomos cuyo propósito es contribuir al desarrollo de una antropología de la mujer. Y uno de los caminos es lograr una mirada etnológica de la sexualidad, de la mujeres y de la propia cultura. El problema que da origen a la investigación gira en torno a la creación cultural de las mujeres ¿cómo se crean seres humanos genéricamente significados? ¿A través de qué relaciones, actividades, concepciones e instituciones sociales y culturales? El marco es concretado con la pregunta básica ¿Qué hace a las mujeres semejantes y diferentes, y cuáles son los caminos de la diferencia genérica entre ellas, cuáles son las opciones de vida definidas genéricamente para ellas? En una abstracción de las condiciones de vida de las mujeres, se define una condición de la mujer constituída por las características genéricas que comparten teóricamente todas las mujeres. La condición de la mujer es una creación histórica cuyo contenido es el conjunto de circunstancias, cualidades y características esenciales que definen a la mujer como ser social y cultural genérico: ser de y para los otros. En detalle la investigación se refiere a: la antropología de la mujer, su condición, las opresiones patriarcales y clasistas, el trabajo, los cautiverios, la sexualidad, la maternidad, la violencia y el poder, las subjetividad, las creencias, las esposas, las monjas. Asímismo se investiga sobre las prostitutas, presas, locas, para concluir con reflexiones sobre la femeneidad. HB/hmbq  
650 |a MUJERES  
650 |a MADRES  
650 |a PROSTITUCION  
650 |a ANTROPOLOGIA  
650 |a SEXUALIDAD  
650 |a VIOLENCIA  
999 |c 10268  |d 10268